A study on the effects of different ages seedling tranplantation of neang toy rice variety over the growth and yield at royal university of agriculture,(សិក្សាអំពីឥទ្ធិពលនៃការស្ទូងអាយុសំណាបខុសៗគា្នទៅលើការលូតលាស់ និងទិន្នផលស្រូវនាងតយនៅសាកលវិទ្យាល័យភូមិន្ទកសិកម្ម) (Record no. 584)

000 -LEADER
fixed length control field 00813nam a22001337a 4500
040 ## - CATALOGING SOURCE
Transcribing agency RUA
082 ## - DEWEY DECIMAL CLASSIFICATION NUMBER
Classification number AGR LY 2003 B029 Or.1
100 ## - MAIN ENTRY--AUTHOR NAME
Personal name LY DINA
245 ## - TITLE STATEMENT
Title A study on the effects of different ages seedling tranplantation of neang toy rice variety over the growth and yield at royal university of agriculture,(សិក្សាអំពីឥទ្ធិពលនៃការស្ទូងអាយុសំណាបខុសៗគា្នទៅលើការលូតលាស់ និងទិន្នផលស្រូវនាងតយនៅសាកលវិទ្យាល័យភូមិន្ទកសិកម្ម)
260 ## - PUBLICATION, DISTRIBUTION, ETC. (IMPRINT)
Place of publication phnom penh
Name of publisher RUA
Year of publication 2003
300 ## - PHYSICAL DESCRIPTION
Number of Pages x,45p.
Dimensions ill.
856 ## - ELECTRONIC LOCATION AND ACCESS
Uniform Resource Identifier https://drive.google.com/file/d/1Wrb6ywwKDjB153Uxv7YnGx5BFohoGGDu/view?usp=sharing
942 ## - ADDED ENTRY ELEMENTS (KOHA)
Koha item type AGR
952 ## - LOCATION AND ITEM INFORMATION (KOHA)
Withdrawn status [LOCAL, KOHA] 0
952 ## - LOCATION AND ITEM INFORMATION (KOHA)
Withdrawn status [LOCAL, KOHA] 0
952 ## - LOCATION AND ITEM INFORMATION (KOHA)
Withdrawn status [LOCAL, KOHA] 0
Holdings
Koha item type Barcode Lost status Permanent Location Current Location Date acquired Full call number
AGRRUA001600 Library Block BLibrary Block B2015-09-16AGR LY 2004 B029 Or.1
AGRRUA001528 Library Block BLibrary Block B2015-09-16AGR LY 2004 B029 Or.2
AGRRUA001097 Library Block BLibrary Block B2015-09-16AGR LY 2004 B029 Or.3
មជ្ឈមណ្ឌលឯការនៃសាកលវិទ្យាល័យភូមិន្ទកសិកម្មចំការដូង

Powered by Koha